Real Rights : (Record no. 617237)

MARC details
000 -LEADER
fixed length control field 00457nam a2200193 a 4500
008 - FIXED-LENGTH DATA ELEMENTS--GENERAL INFORMATION
fixed length control field 260309s1995##################000#0#eng##
020 ## - INTERNATIONAL STANDARD BOOK NUMBER
ISBN 9780195095005
082 04 - DEWEY DECIMAL CLASSIFICATION NUMBER
Classification number 340.112
Item number WEL
100 1# - MAIN ENTRY--AUTHOR NAME
Personal name Wellman, Carl,
245 10 - TITLE STATEMENT
Title Real Rights :
260 ## - PUBLICATION, DISTRIBUTION, ETC. (IMPRINT)
Year of publication 1995.
300 ## - PHYSICAL DESCRIPTION
Number of Pages 288 pages
650 #0 - SUBJECT ADDED ENTRY--TOPICAL TERM
Topical Term Law.
942 ## - ADDED ENTRY ELEMENTS (KOHA)
Koha item type English Books
Holdings
Withdrawn status Lost status Damaged status Not for loan Home library Current library Shelving location Date acquired Full call number Accession Number Price effective from Koha item type
        Anna Centenary Library Anna Centenary Library 4TH FLOOR, A WING 09.03.2026 340.112 WEL 282102 09.03.2026 English Books

Find us on the map